000 00276nam a22001217a 4500
003 OSt
005 20231130161930.0
040 _cLCC
050 _aH62.R472011
_bC.1
245 _aRESEARCH METHODS
260 _aGRET BRITAIN
_bUNIVERSITY OF LEICESTER
_c2011
942 _2ddc
_cBK
_n0
999 _c208526
_d208526